[Event "Vaxjo op"]
[Site "Vaxjo"]
[Date "2024.02.09"]
[Round "1"]
[White "Sorensen, Hampus"]
[Black "Eriksson, Per"]
[Result "1-0"]
[WhiteElo "2430"]
[BlackElo "1857"]
[PlyCount "63"]
[EventDate "2024.02.09"]
[EventType "swiss"]
[EventRounds "8"]
[EventCountry "SWE"]
[SourceTitle "CB07_2024"]
[SourceDate "2024.02.14"]
[SourceVersion "1"]
[SourceVersionDate "2024.02.14"]
[SourceQuality "1"]

1. e4 c5 2. Nf3 g6 3. c3 Bg7 4. d4 cxd4 5. cxd4 d6 6. h3 e6 7. Nc3 Ne7 8. Be2 0-0 9. 0-0 b6 10. Be3 Bb7 11. Qd2 Nbc6 12. Bh6 Rc8 13. Rac1 d5 14. e5 Nf5 15. Bxg7 Kxg7 16. Rfd1 Qe7 17. Qf4 Qb4 18. Rd2 f6 19. exf6+ Rxf6 20. a3 Qe7 21. Qh2 Na5 22. Re1 Nb3 23. Rdd1 Rcf8 24. Qe5 Na5 25. Bf1 Qd7 26. Bb5 Bc6 27. Bd3 Nc4 28. Bxc4 dxc4 29. Ng5 Re8 30. Nxh7 Nh4 31. Nxf6 Qf7 32. Nxe8+ 1-0

[Event "Malmo op"]
[Site "Malmo"]
[Date "2018.12.14"]
[Round "1"]
[White "Eriksson, Per"]
[Black "Sjodahl, Pontus"]
[Result "0-1"]
[WhiteElo "1895"]
[BlackElo "2406"]
[PlyCount "64"]
[EventDate "2018.12.14"]
[EventType "swiss"]
[EventRounds "8"]
[EventCountry "SWE"]
[SourceTitle "CBM 187 Extra"]
[Source "ChessBase"]
[SourceDate "2018.11.04"]
[SourceVersion "1"]
[SourceVersionDate "2018.11.04"]
[SourceQuality "1"]

1. e4 e6 2. d4 d5 3. Nd2 c5 4. exd5 Qxd5 5. Ngf3 cxd4 6. Bc4 Qd7 7. 0-0 Nc6 8. Nb3 Nf6 9. Nbxd4 Nxd4 10. Qxd4 Qxd4 11. Nxd4 Bd7 12. Be3 Rc8 13. Bb3 Bc5 14. c3 Ng4 15. Rfe1 Nxe3 16. Rxe3 Ke7 17. Rd1 g6 18. Red3 Rc7 19. Nf3 f6 20. a4 e5 21. Nd2 Bf5 22. Rg3 Rd8 23. Kf1 Rcd7 24. Ke2 Bxf2 25. Kxf2 Rxd2+ 26. Ke1 Rxb2 27. Rxd8 Kxd8 28. c4 Ke7 29. Bd1 Be4 30. Be2 Ra2 31. Rb3 Bxg2 32. Rb4 Bc6 0-1

[Event "Vaxjo op"]
[Site "Vaxjo"]
[Date "2018.02.09"]
[Round "1"]
[White "Bellon Lopez, Juan Manuel"]
[Black "Eriksson, Per"]
[Result "1-0"]
[WhiteElo "2322"]
[BlackElo "1879"]
[PlyCount "36"]
[EventDate "2018.02.09"]
[EventType "swiss"]
[EventRounds "8"]
[EventCountry "SWE"]
[SourceTitle "CBM 182 Extra"]
[Source "ChessBase"]
[SourceDate "2018.02.23"]
[SourceVersion "1"]
[SourceVersionDate "2018.02.23"]
[SourceQuality "1"]

1. d4 d5 2. Bg5 Nf6 3. Bxf6 exf6 4. e3 Bd6 5. c4 c6 6. Nc3 Be6 7. Qb3 Qb6 8. c5 Qxb3 9. axb3 Bc7 10. b4 Nd7 11. b5 0-0 12. bxc6 bxc6 13. Ra6 Nb8 14. Ra2 a5 15. Nf3 Nd7 16. Na4 Rfb8 17. Bd3 Rb4 18. 0-0 Nf8 1-0

[Event "Vaxjo Nordic zt"]
[Site "Vaxjo"]
[Date "2017.07.02"]
[Round "9"]
[White "Sjostrand, Joel"]
[Black "Eriksson, Per"]
[Result "1/2-1/2"]
[WhiteElo "1890"]
[BlackElo "1891"]
[PlyCount "89"]
[EventDate "2017.06.26"]
[EventType "swiss"]
[EventRounds "9"]
[EventCountry "SWE"]
[SourceTitle "CBM 179 Extra"]
[Source "ChessBase"]
[SourceDate "2017.08.23"]
[SourceVersion "1"]
[SourceVersionDate "2017.08.23"]
[SourceQuality "1"]

1. c4 Nf6 2. g3 c5 3. Bg2 d5 4. cxd5 Nxd5 5. Nc3 Nc7 6. Nf3 Nc6 7. Qa4 Bd7 8. 0-0 Rb8 9. d3 b5 10. Qh4 e5 11. Qxd8+ Rxd8 12. a4 a6 13. axb5 axb5 14. Be3 f6 15. Nd2 Nd4 16. Ra7 Nce6 17. Bxd4 cxd4 18. Nd5 Bc5 19. Rb7 0-0 20. Rc1 f5 21. g4 g6 22. g5 Bc6 23. Ne7+ Bxe7 24. Rxc6 Bxg5 25. Nf3 e4 26. Nxg5 Nxg5 27. h4 exd3 28. exd3 Nf7 29. Rxb5 Kg7 30. Rb7 Rb8 31. Ra7 Rbc8 32. Rxc8 Rxc8 33. Kf1 Rf8 34. Bd5 Kf6 35. Rxf7+ Rxf7 36. Bxf7 Kxf7 37. Ke2 Ke6 38. f4 Kd5 39. Kd2 Kc5 40. Kc2 Kb4 41. Kd2 Kb3 42. Kc1 Ka4 43. Kc2 Kb4 44. Kd2 Ka4 45. Kc2 1/2-1/2

[Event "Vaxjo Nordic zt"]
[Site "Vaxjo"]
[Date "2017.06.30"]
[Round "7"]
[White "Ranby, Hans"]
[Black "Eriksson, Per"]
[Result "0-1"]
[WhiteElo "1873"]
[BlackElo "1891"]
[PlyCount "114"]
[EventDate "2017.06.26"]
[EventType "swiss"]
[EventRounds "9"]
[EventCountry "SWE"]
[SourceTitle "CBM 179 Extra"]
[Source "ChessBase"]
[SourceDate "2017.08.23"]
[SourceVersion "1"]
[SourceVersionDate "2017.08.23"]
[SourceQuality "1"]

1. b3 d5 2. Bb2 Bf5 3. Nf3 e6 4. e3 h6 5. c4 Nf6 6. Nc3 c6 7. cxd5 exd5 8. Be2 Bd6 9. 0-0 0-0 10. Rc1 Nbd7 11. d4 Re8 12. Na4 Ne4 13. Nd2 Ndf6 14. Nc5 Qe7 15. Ncxe4 Nxe4 16. Nxe4 Bxe4 17. Bd3 Qg5 18. Bxe4 Rxe4 19. Qf3 Rae8 20. Rce1 R8e6 21. Qd1 h5 22. Bc1 Rg6 23. Qf3 h4 24. h3 Rf6 25. Qd1 Bb8 26. Ba3 Rg6 27. Qf3 Qd8 28. Qd1 Ree6 29. Qh5 Rg5 30. Qf3 Reg6 31. e4 Qf6 32. Kh1 Rxg2 33. Qxg2 Rxg2 34. Kxg2 Qxd4 35. exd5 Qxd5+ 36. Kg1 Qg5+ 37. Kh1 Qf4 38. Kg2 Qh2+ 39. Kf3 Qxh3+ 40. Ke2 f6 41. Rd1 Qe6+ 42. Kf3 Qf5+ 43. Ke2 Bf4 44. Rd8+ Kh7 45. Rfd1 Qg4+ 46. f3 Qg2+ 47. Kd3 Qxf3+ 48. Kc2 Qe2+ 49. Kb1 Qe4+ 50. Kb2 h3 51. R1d7 h2 52. Bf8 Bh6 53. Re7 Qg2+ 54. Ka3 h1Q 55. Rdd7 Qc1+ 56. Ka4 b5+ 57. Kb4 Bd2+ 0-1

[Event "Vaxjo Nordic zt"]
[Site "Vaxjo"]
[Date "2017.06.27"]
[Round "2"]
[White "Eriksson, Per"]
[Black "Thornblad, Erik"]
[Result "0-1"]
[WhiteElo "1891"]
[BlackElo "2107"]
[PlyCount "86"]
[EventDate "2017.06.26"]
[EventType "swiss"]
[EventRounds "9"]
[EventCountry "SWE"]
[SourceTitle "CBM 179 Extra"]
[Source "ChessBase"]
[SourceDate "2017.08.23"]
[SourceVersion "1"]
[SourceVersionDate "2017.08.23"]
[SourceQuality "1"]

1. e4 e5 2. Nf3 Nc6 3. d4 exd4 4. Bc4 Bc5 5. c3 Nf6 6. e5 d5 7. Bb5 Ne4 8. cxd4 Bb6 9. h3 0-0 10. 0-0 Bd7 11. Bd3 f5 12. Nc3 Be6 13. Ne2 h6 14. Nf4 Qe8 15. b3 g5 16. Ne2 Rd8 17. Ba3 Rf7 18. Bb5 g4 19. hxg4 fxg4 20. Nh4 Rg7 21. g3 Ng5 22. Nf4 Qf7 23. Bxc6 bxc6 24. Rc1 Nf3+ 25. Nxf3 gxf3 26. Qd2 Qf5 27. Be7 Rxe7 28. Rxc6 Rf8 29. Kh2 Qg4 30. Nxe6 Rxe6 31. Rxe6 Qxe6 32. Rh1 Kg7 33. Kg1 Qg6 34. Rh4 Rf5 35. Qe3 Qe6 36. g4 Rg5 37. Qf4 c6 38. Kh2 c5 39. Qxf3 cxd4 40. Qg3 Qxe5 41. f4 Qe2+ 42. Kh3 Qf1+ 43. Kh2 Bc7 0-1

[Event "Vaxjo Nordic zt"]
[Site "Vaxjo"]
[Date "2017.06.26"]
[Round "1"]
[White "Rydstrom, Tom"]
[Black "Eriksson, Per"]
[Result "1-0"]
[WhiteElo "2313"]
[BlackElo "1891"]
[PlyCount "85"]
[EventDate "2017.06.26"]
[EventType "swiss"]
[EventRounds "9"]
[EventCountry "SWE"]
[SourceTitle "CBM 179 Extra"]
[Source "ChessBase"]
[SourceDate "2017.08.23"]
[SourceVersion "1"]
[SourceVersionDate "2017.08.23"]
[SourceQuality "1"]

1. Nc3 e5 2. Nf3 Nc6 3. d4 exd4 4. Nxd4 Nf6 5. Bg5 Be7 6. Nf5 0-0 7. Nxe7+ Nxe7 8. Bxf6 gxf6 9. Qd4 Nc6 10. Qh4 d5 11. 0-0-0 Be6 12. Nxd5 Bxd5 13. e4 Ne5 14. exd5 Qd6 15. Bd3 Ng6 16. Bxg6 fxg6 17. Qc4 Rfe8 18. h4 Re5 19. h5 gxh5 20. Qd3 Rd8 21. c4 Rg5 22. g3 c6 23. f4 Rg7 24. Rxh5 Qc5 25. dxc6 Rxd3 26. Rxc5 Rxd1+ 27. Kxd1 bxc6 28. Rxc6 Rxg3 29. Rxf6 Kg7 30. Ra6 h5 31. Ke1 h4 32. Rxa7+ Kg6 33. Ra3 Rg2 34. b4 Kf5 35. Kf1 Rc2 36. Rf3 Rxc4 37. b5 Rc1+ 38. Kg2 Kg4 39. Rf2 Rc3 40. b6 Rg3+ 41. Kh2 Rh3+ 42. Kg1 Rc3 43. b7 1-0